000 00388pam a2200157a 44500
008 230515b2008 xxu||||| |||| 00| 0 eng d
020 _aNULL
041 _aENGLISH
082 _a660.281/WAT
100 _aHOUGEN/WATSON
245 _aCHEMICAL PROCESS PRINCIPLES VOL-I
250 _aO
260 _aDELHI
_bCBS PUBLISHER AND DISTRIBUTORS
_c2008
300 _aXIV-XXXIX
650 _aNULL
999 _c646408
_d646408